000 00608nam a2200217Ia 4500
003 OSt
005 20241202135205.0
008 210716s1994 xx 000 0 und d
020 _a0671867172
040 _cAIMIT LIBRARY
041 _aeng
082 _a808.83
_21
_bCLAM
100 _aClark, Mary Higgins.
_9187349
245 _aLottery winner /
_cBy Mary Higgins Clark.
250 _a1st ed.
260 _aNew York :
_bSilhouette books ;
_c1994.
300 _a273p. ;
_b17 cm.
650 _aDeath on the cape
_9187350
650 _aPlumbing for willy
_9187351
942 _2ddc
_cBK
_e1st ed.
_k808.83 CLAM
999 _c200254
_d200254